000 01035nam a2200301 i 4500
003 DO-SdBNP
005 20240316073902.0
007 ta
008 230524b2010 dr a|||| |||| 00| 0 spa d
020 _a978-9945466362
040 _aDO-SdBNP
_bspa
_cBNPHU
_erda
082 4 _aRD861.44
_bH557, 2010
_222
100 _923790
_aHernández Rueda, Lupo,
_d1930-2017
_eautor
245 1 0 _aCrónica del Sur /
_cLupo Hernández Rueda ; edición Tomás Castro Burdiez ; ilustraciones Silvano Lora
250 _a4a edición
264 _aSanto Domingo :
_bEducarte,
_c2010.
300 _a62 páginas :
_bilustraciones ;
_c21 cm.
336 _2rdacontent
_atexto
_btxt
337 _2rdamedia
_asin mediación
_bn
338 _2rdacarrier
_avolumen
_bnc
590 _aInventariado, 2023/BT
650 4 _aPoesía dominicana
650 4 _aLiteratura dominicana
700 1 _aLora, Silvano,
_eilustraciones
_945559
700 _aCastro, Tomás,
_d1959-
_eedición
_924641
910 _aBtavárez/Validado. Control de calidad MFF
942 _2ddc
_cLBS1
999 _c53605
_d53605